000 01126nam a2200277Ia 4500
003 OSt
005 20221005103734.0
006 a|||||r|||| 00| 0
007 ta
008 221004b |||||||| |||| 00| 0 hin d
020 _a9788190903301 (hbk)
_c255
024 _a109329
037 _b12957, 18/03/2011, Kitab Ghar
_cTextual
040 _aCRL
_cCRL
_bhin
041 _2hin
_ahin
082 _aO152:gN3, M9
100 _aये. प. चेलीशेव
245 0 _aप्रगतिशील भारतीय साहित्यकारों के छविचित्र
246 _aPragatishīl bhāratīya sāhityakāroan ke chhavichitra
260 _aदिल्ली
_bआदित्य पब्लिशर्स भारत
_c1989
300 _a206पृ0
_ccm.
650 _aहिन्दी साहित्य
700 _a शर्मा, बी. आर., संपा.
942 _hO152:gN3, M9
_cTEXL
_2cc
999 _c1010776
_d1010776